| 000 | 00514nam a2200145 a 4500 | ||
|---|---|---|---|
| 001 | 000039326 | ||
| 005 | 20201002031610.0 | ||
| 008 | 130621s1997 dr 000 0 spa d | ||
| 040 |
_aDO-SdBNP _bspa _cBNPHU |
||
| 245 | 1 | 0 | _aMemorias del primer año de gobierno del PLD. |
| 246 | 1 | 4 | _aprimer año construyendo el porvenir |
| 260 |
_aSanto Domingo :, _cSecretaría Administrativa de la Presidencia. |
||
| 300 |
_a446 p. : _bil.,gráf., retrs. ; _c23 cm. |
||
| 710 | 2 |
_aSecretaría Administrativa de la Presidencia _965523 |
|
| 999 |
_c38816 _d38816 |
||